Kritische Dogmengeschichte der Geldwerttheorien

Gespeichert in:
Bibliographische Detailangaben
Format: Buch
Sprache:Deutsch
Veröffentlicht: Leipzig C. L. Hirschfeld 1907
Tags: Tag hinzufügen
Keine Tags, Fügen Sie das erste Tag hinzu!

MARC

LEADER 00000nam a2200000 4500
001 0307455
005 20250304102811.2
041 0 |a ger 
044 |a DE 
245 1 0 |a Kritische Dogmengeschichte der Geldwerttheorien  |c Friedrich Hoffmann 
264 1 |a Leipzig  |b C. L. Hirschfeld  |c 1907